Fictional Geography - Statistics

General Stats
  • This quiz has been taken 45,178 times
    30,074 since last reset
  • The average score is 18 of 26
Answer Stats
Places Answer % Correct
Diagon Alley, Hogsmeade, Azkaban Harry Potter
95%
Gotham City, Arkham Asylum, Wayne Mansion Batman
94%
Gondor, Rivendell, The Shire Lord of the Rings
94%
Mos Eisley Cantina, Tatooine, Death Star Star Wars
91%
Daily Planet Building, Metropolis, Krypton Superman
91%
Bikini Bottom, The Krusty Krab, Shell City Spongebob Squarepants
90%
Mushroom Kingdom, Bowser's Castle, Luigi's Mansion Super Mario
88%
Neverland, Wendy House, Mermaids' Lagoon Peter Pan
86%
Emerald City, Yellow Brick Road, Lollipop Guild The Wizard of Oz
85%
Queen's Croquet Ground, Tulgey Wood, White Rabbit's House Alice in Wonderland
81%
District 12, The Capitol, Panem The Hunger Games
81%
The 100 Acre Woods, Piglet's House, A Nice Place for Picnics Winnie-the-Pooh
76%
Pride Rock, The Elephant Graveyard, Rafiki's Ancient Tree The Lion King
75%
Westeros, Lannisport, Harrenhal Game of Thrones
74%
Shelbyville, Kwik-E-Mart, Evergreen Terrace The Simpsons
74%
Vice City, San Andreas, Cluckin' Bell Grand Theft Auto
68%
Quahog, The Drunken Clam, Pawtucket Brewery Family Guy
62%
Bedrock, Macyrock's, Prinstone University The Flintstones
60%
Pandora, Hallelujah Mountains, Tree of Souls Avatar
54%
War Drobe, Stone Table, Beaversdam The Chronicles of Narnia
52%
Hyrule, Kakariko Village, Gerudo Desert The Legend of Zelda
46%
Kanto, Victory Road, Lavender Town Pokémon
43%
Skyrim, Oblivion, Tamriel The Elder Scrolls
41%
New New York, Omicron Persei 8, DOOP Headquarters Futurama
36%
Forks, Phoenix, La Push Twilight
33%
Gallifrey, Mercy, Cardiff Doctor Who
31%
No matching quizzes found
Score Distribution
Percent of People with Each Score
Percentile by Number Answered
Your Score History
You have not taken this quiz since the last reset